| 000 | 01510cam a22004214i 4500 | ||
|---|---|---|---|
| 003 | PE-LiUPU | ||
| 005 | 20250731175623.0 | ||
| 008 | 150623s r 000 0 d | ||
| 020 | _a9652239925 | ||
| 035 | _a(Sirsi) i9789652239921 | ||
| 040 |
_aPE-LiUPU _bspa _cPE-LiUPU _erda |
||
| 049 | _aPRUA | ||
| 082 | 0 | 4 |
_a492 _bG66 _221 |
| 100 | 1 |
_aGoldenberg, Gideon, _eautor. |
|
| 245 | 1 | 0 |
_aStudies in semitic linguistics : _bselected writings / _cpor Gideon Goldenberg. |
| 264 | 1 |
_aJerusalem : _bThe Magnes Press, The Hebrew University, _c1998. |
|
| 300 |
_a664 páginas ; _c24.5 centímetros |
||
| 336 |
_atext _2rdacontent |
||
| 337 |
_aunmediated _2rdamedia |
||
| 338 |
_avolume _2rdacarrier |
||
| 504 | _aIncluye bibliografía. | ||
| 505 | 0 | _aGeneral and comparative. -Hebrew. -Arabic grammar. -Ethiopian and South-Arabian. -Syriac and Neo-Aramaic. | |
| 526 | _aP145 | ||
| 526 | _aP127 | ||
| 526 | _aP97 | ||
| 526 | _aP35 | ||
| 526 | _aP14 | ||
| 526 | _aP07 | ||
| 650 | 0 | 4 |
_aLengua siríaca _xSintaxis. |
| 650 | 0 | 4 | _aLenguas de Etiopía. |
| 650 | 0 | 4 | _aLenguas semíticas. |
| 942 |
_2ddc _cBOOK |
||
| 949 |
_a492 G66 _wDEWEY _c1 _i45354 _lCCODEBUL1 _mBUL _r0 _sY _tBOOK _u2015-6-24 _xTEOLOGIA _PP35 _0COMPRA _o.STAFF. Colección General |
||
| 994 |
_aC0 _bPEPRU |
||
| 596 | _a1 | ||
| 999 |
_a492 G66 _wDEWEY _c22217 _i45354 _d22217 _f2021-11-5 _g6 _lCCODEBUL1 _mBUL _q3 _r0 _sY _tBOOK _u2015-6-24 _xBIBLIOTECA _PP35 _0COMPRA _o.STAFF. Colección General |
||
| 980 |
_81 _gALBERTO SANCHEZ Responsable de Automatización |
||